[Event "Karl Mala Memorial op 15th"]
[Site "Frankfurt"]
[Date "2012.07.08"]
[Round "7"]
[White "Hassel, Thomas"]
[Black "Claus, Simon Martin"]
[Result "1-0"]
[WhiteElo "1205"]
[BlackElo "1840"]
[PlyCount "81"]
[EventDate "2012.07.05"]
[EventType "swiss"]
[EventRounds "7"]
[EventCountry "GER"]
[SourceTitle "CBM 149 Extra"]
[Source "ChessBase"]
[SourceDate "2012.08.24"]
[SourceVersion "1"]
[SourceVersionDate "2012.08.24"]
[SourceQuality "1"]

1. e4 e5 2. Nf3 Nc6 3. Bc4 Bc5 4. c3 Nf6 5. d3 d6 6. Nbd2 0-0 7. Nf1 Na5 8. Bb5 Ng4 9. d4 exd4 10. b4 c6 11. Be2 dxc3 12. bxc5 Qf6 13. Qxd6 Be6 14. Qd4 Rad8 15. Qxf6 Nxf6 16. Bg5 Rd7 17. Bxf6 gxf6 18. Ne3 Rfd8 19. 0-0 b5 20. cxb6 axb6 21. Rfc1 c5 22. Rxc3 Ra7 23. Nc4 Nxc4 24. Bxc4 Bxc4 25. Rxc4 Rxa2 26. Rcc1 Rxa1 27. Rxa1 b5 28. Kf1 c4 29. Rb1 c3 30. Ne1 Rc8 31. Nc2 Rd8 32. Ke1 Rd2 33. Rc1 Kf8 34. Ne3 b4 35. Nd5 Rb2 36. Nxf6 c2 37. Nd5 Rb1 38. Kd2 b3 39. Nc3 Rb2 40. Ra1 Ke7 41. Kc1 1-0

[Event "Karl Mala Memorial op 15th"]
[Site "Frankfurt"]
[Date "2012.07.06"]
[Round "3"]
[White "Hassel, Thomas"]
[Black "Launert, Martin"]
[Result "0-1"]
[WhiteElo "1205"]
[BlackElo "1864"]
[PlyCount "50"]
[EventDate "2012.07.05"]
[EventType "swiss"]
[EventRounds "7"]
[EventCountry "GER"]
[SourceTitle "CBM 149 Extra"]
[Source "ChessBase"]
[SourceDate "2012.08.24"]
[SourceVersion "1"]
[SourceVersionDate "2012.08.24"]
[SourceQuality "1"]

1. e4 e5 2. Nf3 Nc6 3. Bc4 Bc5 4. c3 Nf6 5. d3 d6 6. Bb3 0-0 7. Bg5 Ne7 8. d4 exd4 9. Bxf6 gxf6 10. cxd4 Bb4+ 11. Nc3 d5 12. e5 c6 13. h3 Ng6 14. 0-0 fxe5 15. Nxe5 Bd6 16. Nf3 Qf6 17. Bc2 Nf4 18. Ne2 Nxh3+ 19. gxh3 Qxf3 20. Qd3 Qxd3 21. Bxd3 Bxh3 22. Rfe1 Kh8 23. Kh1 Rg8 24. a4 Bg2+ 25. Kg1 Be4+ 0-1

[Event "Karl Mala Memorial op 15th"]
[Site "Frankfurt"]
[Date "2012.07.06"]
[Round "2"]
[White "Kempfer, Justus"]
[Black "Hassel, Thomas"]
[Result "0-1"]
[WhiteElo "1754"]
[BlackElo "1205"]
[PlyCount "148"]
[EventDate "2012.07.05"]
[EventType "swiss"]
[EventRounds "7"]
[EventCountry "GER"]
[SourceTitle "CBM 149 Extra"]
[Source "ChessBase"]
[SourceDate "2012.08.24"]
[SourceVersion "1"]
[SourceVersionDate "2012.08.24"]
[SourceQuality "1"]

1. e4 e5 2. Bc4 Nf6 3. d3 c6 4. Nf3 d5 5. Bb3 Bd6 6. exd5 cxd5 7. Bg5 Be6 8. Nc3 Nbd7 9. Nxd5 Bxd5 10. Bxd5 Qa5+ 11. c3 Qxd5 12. 0-0 0-0 13. Nd2 Qxd3 14. Qb3 Qd5 15. Nc4 Bc7 16. Rad1 Qc6 17. Rfe1 Rfe8 18. Re3 h6 19. Bh4 Nb6 20. Na5 Qa4 21. Bxf6 Qxa5 22. Rg3 g5 23. Rg4 e4 24. h4 Qf5 25. f3 Qxf6 26. hxg5 hxg5 27. fxe4 Rad8 28. Rf1 Qg6 29. Rf5 Bf4 30. Rfxf4 Re5 31. c4 Qe6 32. Qg3 f6 33. Qh4 Nd7 34. Qh6 Qf7 35. Rh4 gxh4 36. Rg4+ Rg5 37. Rxg5+ fxg5 38. Qxg5+ Kf8 39. Qxd8+ Qe8 40. Qxh4 Qe7 41. Qh6+ Ke8 42. Qh8+ Nf8 43. Qh5+ Kd8 44. Qd5+ Ke8 45. Kf2 Qf6+ 46. Ke3 Qxb2 47. Qb5+ Qxb5 48. cxb5 Ke7 49. Kd4 Ke6 50. g4 Ng6 51. a4 b6 52. Kc4 Ne5+ 53. Kb4 Nxg4 54. a5 Ke5 55. axb6 axb6 56. Kc4 Nf6 57. Kb4 Nxe4 58. Kc4 Nd6+ 59. Kb4 Kd5 60. Ka4 Kc5 61. Kb3 Kxb5 62. Kc3 Ka4 63. Kb2 Kb4 64. Kc1 Kc3 65. Kb1 b5 66. Kc1 b4 67. Kb1 b3 68. Kc1 Ne4 69. Kb1 Nd2+ 70. Kc1 b2+ 71. Kd1 b1Q+ 72. Ke2 Qe4+ 73. Kd1 Qf3+ 74. Ke1 Qf1# 0-1